Lịch sử vật lý học

Nội dung tài liệu trình bày và phân tích những sự kiện cụ thể, lịch sử vật lý học có nhiệm vụ rút ra những quy luật của sự phát triển vật lý học. Những phát minh, sáng chế mà các nhà khoa học đã tìm ra trong quá trình phát triển của nhâ...

全面介绍

Đã lưu trong:
书目详细资料
主要作者: Đào, Văn Phúc
格式: 图书
语言:Undetermined
出版: Hà Nội Giáo dục 2002
主题:
标签: 添加标签
没有标签, 成为第一个标记此记录!
Thư viện lưu trữ: Trung tâm Học liệu Trường Đại học Cần Thơ
LEADER 00993nam a2200229Ia 4500
001 CTU_238962
008 210402s9999 xx 000 0 und d
082 |a 530.9 
082 |b Ph506 
100 |a Đào, Văn Phúc 
245 0 |a Lịch sử vật lý học 
245 0 |c Đào Văn Phúc 
260 |a Hà Nội 
260 |b Giáo dục 
260 |c 2002 
520 |a Nội dung tài liệu trình bày và phân tích những sự kiện cụ thể, lịch sử vật lý học có nhiệm vụ rút ra những quy luật của sự phát triển vật lý học. Những phát minh, sáng chế mà các nhà khoa học đã tìm ra trong quá trình phát triển của nhân loại. 
526 |a Lịch sử Vật lý 
526 |b SG255 
650 |a Physics,Vật lý học 
650 |x History,Lịch sử 
910 |a Tuyến 
980 |a Trung tâm Học liệu Trường Đại học Cần Thơ